LEADER 00446nab a2200133 i 4500 001 000000260510 003 CaOOAMICUS 005 20180831164553.0 008 180831n xx uu u0 0und r 013 $a1261 040 $aSeMil$bita 245 10$a[vedi periodico]. 773 0 $tA. D. 2003 : [Enero-Diciembre].$dBuenos Aires : Fundación Universidad Católica Argentina, 2003 (stampa 2004)$w()135938 996 $6245$a[vedi periodico]$9(OLS)http://semarc/title/309439 LEADER 00568nab a2200169 i 4500 001 000000291729 003 CaOOAMICUS 005 20171201000000.0 008 171201n xx uu u0 0und r 013 $a47228 020 $a978-88-343-3431-7 040 $aSeMil$bita 245 10$a[SENZA TITOLO]. 500 $aLuglio-Settembre 2017 [stampa Settembre 2017]. 773 0 $t[2017].$dMilano : Vita e Pensiero, copyr. 2017 (stampa 2017-2018)$w()253753 996 $6020$a978-88-343-3431-7$9(OLS)http://semarc/number/285139 996 $6245$a[SENZA TITOLO]$9(OLS)http://semarc/title/354609